Statistics for NBA All-Star Game Starters 2020's

Click here to take the quiz!

General Stats

  • This quiz has been taken 2,658 times
    (715 since last reset)
  • The average score is 23 of 24

Answer Stats

PlayerTeam#% Correct
Giannis AntetokounmpoBucks5
100%
Kevin DurantNets, Suns4
100%
LeBron JamesLakers5
100%
Luka DončićMavericks4
100%
Nikola JokićNuggets4
100%
Stephen CurryWarriors3
100%
Damian LillardBucks1
99%
Ja MorantGrizzlies1
99%
Jayson TatumCeltics2
99%
Joel Embiid76ers4
99%
Shai Gilgeous-AlexanderThunder1
99%
Trae YoungHawks2
99%
Anthony DavisLakers1
98%
Donovan MitchellCavaliers1
98%
James HardenRockets1
98%
Kawhi LeonardClippers2
98%
Kyrie IrvingNets2
98%
Tyrese HaliburtonPacers1
98%
Zion WilliamsonPelicans1
98%
DeMar DeRozanBulls1
97%
Bradley BealWizards1
94%
Andrew WigginsWarriors1
91%
Pascal SiakamRaptors1
90%
Kemba WalkerCeltics1
67%

Score Distribution

Percentile by Number Answered

Percent of People with Each Score

Your Score History

You have not taken this quiz since the last reset